| 000 | 01048nam a2200289 i 4500 | ||
|---|---|---|---|
| 003 | DO-SdBNP | ||
| 005 | 20250221105256.0 | ||
| 007 | ta | ||
| 008 | 240410b2023 dr ||||| |||| 00| 0 spa d | ||
| 020 | _a9789945187649 | ||
| 040 |
_aDO-SdBNP _bspa _cBNPHU _erda |
||
| 082 | 4 | _222 | |
| 100 | 1 |
_aSoto Rodríguez, José Antonio _eautor _985182 |
|
| 245 | 1 | 0 |
_aNarciso Isa Conde y su pensamiento revolucionario de izquierda en República Dominicana / _cJosé Antonio Soto Rodríguez, Miguel Cabrera Cabral |
| 264 |
_aSanto Domingo : _bBoniprinting, SRL, _c2023. |
||
| 300 |
_a204 páginas ; _c21 cm. |
||
| 336 |
_2rdacontent _atexto _btxt |
||
| 337 |
_2rdamedia _asin mediación _bn |
||
| 338 |
_2rdacarrier _avolumen _bnc |
||
| 500 | _aIncluye datos biográficos de los autores en las solapas | ||
| 500 | _aIncluye referencias bibliográficas y notas al pie de las páginas | ||
| 504 | _aBibliogrsfía : p.182-202 | ||
| 590 | _aInventariado, 2024/BT | ||
| 700 | 1 |
_aCabrera Cabral, Miguel, _eautor _985183 |
|
| 910 | _aBtavárez | ||
| 942 |
_2ddc _cLBS1 |
||
| 999 |
_c56329 _d56329 |
||